| 000 | 00836nam a2200229 a 4500 | ||
|---|---|---|---|
| 999 |
_c1709 _d1709 |
||
| 003 | AR-BaISA | ||
| 005 | 20241106180923.0 | ||
| 006 | aado fr|||| 000 0 | ||
| 007 | ta | ||
| 008 | 241106s2004 ag ado|f |||| 000 0 spa d | ||
| 020 | _a8401655 (Obra Completa) | ||
| 040 |
_bspa _cAR-BaISA |
||
| 082 | 0 | 4 |
_222 _a616.722 3 Ex71 |
| 245 | 0 | 0 | _aOsteoartrosis |
| 260 |
_a[París]: _bExpascience, _c2004 |
||
| 300 |
_a 4 vol. _bil., graf., tablas., fotos. |
||
| 500 | _aEl material contiene 4 volúmenes, | ||
| 505 |
_tOSTEOARTROSIS: PREGUNTAS Y RESPUESTAS -- _tTRATAMIENTO DE LA OSTEOARTROSIS -- _tOSTEOARTROSIS: ENFERMEDAD DE LOS TIEMPOS MODERNOS -- _tMÉTODOS PARA EVALUAR LOS TRATAMIENTOS INDICADOS EN ARTROSIS |
||
| 650 | 1 | 4 |
_93541 _aOsteoartrosis _vtratamiento |
| 650 | 1 | 4 |
_93541 _aOsteoartrosis _vmétodos y técnicas |
| 942 |
_2ddc _cLI _e22 |
||